| 000 | 00525nam a2200181Ia 4500 | ||
|---|---|---|---|
| 003 | GCL | ||
| 008 | 140319s9999 xx 000 0 eng d | ||
| 040 |
_aGCL / _cGCL |
||
| 082 | 0 | 4 |
_a616.200462 _bE K |
| 100 | 1 | _aELLIS, ELIZABETH | |
| 245 | 1 | 0 |
_aKEY ISSUES IN CARDIORESPIRATORY PHYSIOTHERAPY / _cELLIS, ELIZABETH |
| 700 | 1 | _aALISON, JENNIFER | |
| 260 |
_a[S.N] : _bBUTTERWORTH HEINEMANN ، _c1992 |
||
| 300 | _a193 P | ||
| 650 | 0 | 4 | _aCARDIOVASCULAR DIREASES |
| 650 | 0 | 4 | _aCARDIOPULMONARY SYSTEM, DISEASE |
| 942 |
_2ddc _cBK |
||
| 999 |
_c21048 _d21048 |
||